| 000 | 00630nam a22002297a 4500 | ||
|---|---|---|---|
| 005 | 20240305165359.0 | ||
| 007 | cr|||| |||| | ||
| 008 | 120808c20129999xxuzn|| s|||| 0||| 1eng d | ||
| 035 | _a6550 | ||
| 040 | _avLex | ||
| 090 |
_c3358 _d3358 |
||
| 245 | 0 | 3 |
_aThe Pak Banker _h[Recurso electrónico] |
| 256 | _aServicio en línea | ||
| 260 |
_a[s.l.] : _bPlus Media Solutions, _c2012 - |
||
| 300 | _a1 recurso electrónico | ||
| 310 | _aIrregular | ||
| 650 | 0 | 4 | _aNoticias |
| 650 | 0 | 4 | _aFinanzas |
| 740 | 0 | _avLex Revistas (Servicio en línea) | |
| 856 | 4 | 0 | _uhttps://app.vlex.com/#/sources/pak-banker-6550 |
| 942 | _cRAA | ||
| 999 |
_c161751 _d161751 |
||